<?xml version="1.0" encoding="UTF-8"?>
<collection xmlns="http://www.loc.gov/MARC21/slim">
 <record>
  <leader>01946nam a2200349 i 4500</leader>
  <controlfield tag="001">000072479</controlfield>
  <controlfield tag="003">CZ-PrGP</controlfield>
  <controlfield tag="005">20220305105323.0</controlfield>
  <controlfield tag="007">cr cn</controlfield>
  <controlfield tag="008">170103s2011    xr            000 0 cze</controlfield>
  <datafield tag="STA" ind1=" " ind2=" ">
   <subfield code="a">NEZPRACOVANÝ IMPORT</subfield>
  </datafield>
  <datafield tag="020" ind1=" " ind2=" ">
   <subfield code="a">978-80-247-7388-9</subfield>
   <subfield code="c">166 Kč</subfield>
   <subfield code="q">(online ; pdf)</subfield>
  </datafield>
  <datafield tag="020" ind1=" " ind2=" ">
   <subfield code="a">978-80-247-3757-7</subfield>
   <subfield code="c">195 Kč</subfield>
   <subfield code="q">(print)</subfield>
  </datafield>
  <datafield tag="072" ind1=" " ind2="7">
   <subfield code="a">SEL000000</subfield>
   <subfield code="x">SELF-HELP / General</subfield>
   <subfield code="2">bisacsh</subfield>
  </datafield>
  <datafield tag="100" ind1="1" ind2=" ">
   <subfield code="a">Novák, Tomáš</subfield>
  </datafield>
  <datafield tag="245" ind1="1" ind2="0">
   <subfield code="a">Asertivitou k sebedůvěře</subfield>
   <subfield code="c">Tomáš Novák</subfield>
  </datafield>
  <datafield tag="250" ind1=" " ind2=" ">
   <subfield code="a">1. elektronické vydání</subfield>
  </datafield>
  <datafield tag="264" ind1=" " ind2="1">
   <subfield code="b">Grada</subfield>
   <subfield code="c">2011</subfield>
  </datafield>
  <datafield tag="300" ind1=" " ind2=" ">
   <subfield code="a">1 online zdroj (136 stran)</subfield>
  </datafield>
  <datafield tag="336" ind1=" " ind2=" ">
   <subfield code="a">text</subfield>
   <subfield code="b">txt</subfield>
   <subfield code="2">rdacontent</subfield>
  </datafield>
  <datafield tag="337" ind1=" " ind2=" ">
   <subfield code="a">počítač</subfield>
   <subfield code="b">c</subfield>
   <subfield code="2">rdamedia</subfield>
  </datafield>
  <datafield tag="338" ind1=" " ind2=" ">
   <subfield code="a">online zdroj</subfield>
   <subfield code="b">cr</subfield>
   <subfield code="2">rdacarrier</subfield>
  </datafield>
  <datafield tag="520" ind1="3" ind2=" ">
   <subfield code="a">Asertivita bývá vnímána jako postup sebeprosazení. Mnohým se zdá, že asertivní chování znamená, že s hroší kůží a se širokými lokty donutí okolí, aby obrazně řečeno tancovalo, jak oni písknou. To je, bohužel, častý omyl. Asertivita je postup zaměřený na sebe samého. Zvyšuje sebedůvěru, snižuje úzkostné, opakovaně se vnucující obavy a tím vás činí spokojenějším. Jestliže jste spokojeni sami se sebou, jednáte klidněji, účinněji a lépe než v opačném &quot;nespokojenémm&quot; případě. Také okolí na vás reaguje kladněji. Kniha se zaměřuje především na techniky a postupy tzv. pozitivní asertivity umožňující projev, jež odpovídá představě klidné, okolí neubližující síly. Zdůrazňuje prvky osobní duševní hygieny.</subfield>
  </datafield>
  <datafield tag="650" ind1="0" ind2="4">
   <subfield code="a">Psychologie pro každého</subfield>
  </datafield>
  <datafield tag="650" ind1="0" ind2="4">
   <subfield code="a">Komunikační dovednosti</subfield>
  </datafield>
  <datafield tag="856" ind1="4" ind2="0">
   <subfield code="u">https://www.bookport.cz/AccountSaml/SignIn/?idp=https://id.vse.cz/idp/shibboleth&amp;returnUrl=/kniha/asertivitou-k-sebeduvere-1988/</subfield>
   <subfield code="y">Plný text</subfield>
  </datafield>
  <datafield tag="BAS" ind1=" " ind2=" ">
   <subfield code="a">BOOKPORT</subfield>
  </datafield>
  <datafield tag="BAS" ind1=" " ind2=" ">
   <subfield code="a">EB</subfield>
  </datafield>
  <datafield tag="LKR" ind1=" " ind2=" ">
   <subfield code="a">PAR</subfield>
   <subfield code="b">000203233</subfield>
   <subfield code="l">UEP01</subfield>
   <subfield code="r">776</subfield>
   <subfield code="m">E-book</subfield>
   <subfield code="n">Tištěná verze</subfield>
  </datafield>
  <datafield tag="993" ind1=" " ind2=" ">
   <subfield code="x">NEPOSILAT</subfield>
   <subfield code="y">EB</subfield>
  </datafield>
 </record>
</collection>
